|
|
|
|
| LEADER |
01166nam a22002651 4500 |
| 001 |
c000358508 |
| 003 |
CARM |
| 005 |
00000000000000.0 |
| 008 |
851113m19521958enk 0 eng d |
| 019 |
1 |
|
|a 4124249
|5 LACONCORD2021
|
| 035 |
|
|
|a (OCoLC)2512052
|5 LACONCORD2021
|
| 100 |
1 |
|
|a Sherrard, Owen Aubrey.
|
| 245 |
1 |
0 |
|a Lord Chatham.
|
| 260 |
|
|
|a Lond. :
|b Bodley Head,
|c 1952,
|c 1958.
|
| 300 |
|
|
|a 3 v.
|
| 505 |
0 |
|
|a V.1, A War minister in the making. V.2, Pitt and the Seven Years' War. V.3, Lord Chatham and America.
|
| 600 |
1 |
0 |
|a Pitt, William,
|c Earl of Chatham,
|d 1708-1778.
|
| 852 |
8 |
|
|b CARM
|h A1:AN07B0
|i B08500
|p 0409569
|f BK
|
| 852 |
8 |
|
|b CARM
|h A1:AN07B0
|i B08500
|p 0409566
|f BK
|
| 852 |
8 |
|
|b CARM
|h A1:AO13G0
|i B08130
|p 0359570
|f BK
|
| 082 |
0 |
4 |
|a 942.07
|
| 999 |
f |
f |
|i fb3e5a19-43a0-5f5b-a2d6-4477c669939c
|s 0719ef33-8b86-51e0-95f5-afafb632c70c
|
| 952 |
f |
f |
|p Can circulate
|a CAVAL
|b CAVAL
|c CAVAL
|d CARM 1 Store
|e B08500
|f A1:AN07B0
|h Other scheme
|i book
|m 0409569
|
| 952 |
f |
f |
|p Can circulate
|a CAVAL
|b CAVAL
|c CAVAL
|d CARM 1 Store
|e B08130
|f A1:AO13G0
|h Other scheme
|i book
|m 0359570
|
| 952 |
f |
f |
|p Can circulate
|a CAVAL
|b CAVAL
|c CAVAL
|d CARM 1 Store
|e B08500
|f A1:AN07B0
|h Other scheme
|i book
|m 0409566
|